Aircraft propulsion / (Record no. 103303)

MARC details
000 -LEADER
fixed length control field 00561nam a22001937a 4500
005 - DATE AND TIME OF LATEST TRANSACTION
control field 20161206105714.0
010 ## - LCCN (DPL NO)
LC control number ENG-116255
020 ## - INTERNATIONAL STANDARD BOOK NUMBER
International Standard Book Number 9788120352643
Terms of availability 175.00
035 ## - SYSTEM CONTROL NUMBER
System control number EN-99787
037 ## - SOURCE OF ACQUISITION
Source of stock number/acquisition DBAD/PUB
082 ## - DEWEY DECIMAL CLASSIFICATION NUMBER
Classification number 629.13435
100 ## - MAIN ENTRY--PERSONAL NAME
Personal name Anvekar,Mayur R
245 ## - TITLE STATEMENT
Title Aircraft propulsion /
Statement of responsibility, etc by Mayur R. Anvekar
260 ## - PUBLICATION, DISTRIBUTION, ETC. (IMPRINT)
Place of publication, distribution, etc Delhi
Name of publisher, distributor, etc PHI Learning
Date of publication, distribution, etc 2016
270 ## - ADDRESS
Address 111,Patparganj Industrial Eatate
City Delhi
Postal code 110092
300 ## - PHYSICAL DESCRIPTION
Extent ix,480p. :
Other physical details ill
Dimensions 24cm(pbk)
500 ## - GENERAL NOTE
General note Includes index
942 ## - ADDED ENTRY ELEMENTS (KOHA)
Source of classification or shelving scheme Dewey Decimal Classification
Item type English Books
Classification part 629.13435
Call number suffix ANV
Holdings
Withdrawn status Lost status Not for loan Collection code Home library Current library Date acquired Source of acquisition Cost, normal purchase price Full call number Barcode Copy number Cost, replacement price Koha item type
      Non-fiction Shahdara Branch Shahdara Branch 12/09/2016 DBAD/PUB 495.00 658.4038 SOP EN-99787 1 495.00 English Books

© Delhi Public Library
Hit Counter
free hit counter